Top Languages of Ontario - Statistics

General Stats
  • This quiz has been taken 91 times
    66 since last reset
  • The average score is 17 of 20
Answer Stats
Speakers Language % Correct
13,650,230 English
100%
1,550,545 French
100%
401,210 Spanish
100%
467,420 Mandarin
95%
342,860 Arabic
93%
436,125 Hindi
93%
208,570 Portuguese
93%
155,340 Russian
93%
312,800 Italian
91%
158,120 German
90%
397,865 Punjabi
86%
271,450 Tagalog
83%
295,175 Urdu
81%
183,830 Persian
79%
134,980 Polish
79%
352,135 Cantonese
78%
105,805 Vietnamese
76%
143,240 Gujarati
60%
192,890 Tamil
52%
102,885 Serbo-Croatian
48%
No matching quizzes found
Score Distribution
Percent of People with Each Score
Percentile by Number Answered
Your Score History
You have not taken this quiz since the last reset